000 00582nam a22001937a 4500
005 20161206103850.0
010 _aENG-116340
020 _a9788193115572
_c795.00
035 _aEN-99872
037 _bDBAD/PUB
082 _a954.021
245 _aSlave dynasty /
_cedited by Asish Dutta
260 _aGhaziabad
_bRudra Publication & Disributors
_c2015
270 _aS-1,5/587, Sector-5,Vaishali
_bGaziabad
_e201002
300 _av,248p.
_c22cm(Hb)
500 _aIncludes bibliographical references
700 _a Dutta,Asish
942 _2ddc
_cEN
_h954.021
_mSLA
999 _c104344
_d104344